000 00377nam a2200145Ia 4500
008 230917s9999||||xx |||||||||||||| ||und||
040 _e5015598
_aMAIN
041 _aEnglish
082 _a780.954 S23V
100 _aSharma, Sakshi
245 0 _aVartman pariprekshya mein Indore gharane ki gayaki ka sangeetatmak adhyayan
260 _c2019
300 _a211 p.
942 _cBK
999 _c10745
_d10745